| 000 | 00750nam a2200217 i 4500 | ||
|---|---|---|---|
| 001 | 125320 | ||
| 003 | ES-MaACL | ||
| 005 | 20250715063113.0 | ||
| 007 | t| | ||
| 008 | 070601s1909 sp ||||1| spa d | ||
| 080 | _a821.134.2-22"19" | ||
| 100 | 1 |
_aRamos Carrión, Miguel, _d1848-1915 _995293 |
|
| 245 | 1 | 0 |
_aZaragüeta _b: comedia en dos actos y en prosa / _coriginal de Miguel Ramos Carrión y Vital Aza. |
| 250 | _a9ª ed. | ||
| 260 |
_aMadrid : _bSociedad de Autores Españoles, _c1909 ( _fR.Velasco, impresor) |
||
| 300 |
_a71 p. ; _c20 cm. |
||
| 500 | _aEstrenada en el teatro Lara el 14 de Febrero de 1894. | ||
| 700 | 1 |
_aAza, Vital, _d1851-1912 _924210 |
|
| 852 |
_aES-MaACL _j2231-F-26 _bR.142448 |
||
| 999 |
_c125320 _d125320 |
||